TOP 10 Biggest Cities in The United Kingdom - Statistics

General Stats
  • This quiz has been taken 70 times
  • The average score is 8 of 10
Answer Stats
Nr Residents Answer % Correct
1. 9.600.000 London
100%
3. 865.000 Manchester
100%
2. 1.161.000 Birmingham
97%
6. 610.000 Liverpool
97%
5. 640.000 Glasgow
88%
8. 535.000 Edinburgh
87%
4. 855.000 Leeds
85%
9. 485.000 Bristol
72%
7. 600.000 Sheffield
68%
10. 375.000 Leicester
52%
No matching quizzes found
Score Distribution
Percent of People with Each Score
Percentile by Number Answered
Your Score History
You have not taken this quiz